000 00560nam a2200193Ia 4500
001 21042
003 GE_BSU
008 181216s||||||||xx |||||||||||||| ||und||
040 _cGE_BSU
245 _aБанковские технологии № 3(253) 2016
245 _cГл. ред. Ю.Н.Гордеев
260 _aМосква
260 _c2017
300 _a636 стр. 29 см. илл.
653 _aБанковские технологии № 3(253) 2016
653 _aПериодика
653 _aპერიოდიკა
942 _cCR
999 _c53991
_d53991